ბათუმის შოთა რუსთაველის სახელმწიფო უნივერსიტეტის ბიბლიოთეკა

ქართული სელექციური ჩაის ახალი ჯიშებისა და კლონების კვლევის შედეგები. მონოგრაფია. (ბიბ.ჩანაწერი № 35435)

000 -LEADER
fixed length control field 01038nam a2200229Ia 4500
001 - CONTROL NUMBER
control field 1293
003 - CONTROL NUMBER IDENTIFIER
control field GE_BSU
008 - FIXED-LENGTH DATA ELEMENTS--GENERAL INFORMATION
fixed length control field 181216s||||||||xx |||||||||||||| ||und||
040 ## - CATALOGING SOURCE
Transcribing agency GE_BSU
080 ## - UNIVERSAL DECIMAL CLASSIFICATION NUMBER
Universal Decimal Classification number 633.7
100 ## - MAIN ENTRY--PERSONAL NAME
Personal name მამულაიშვილი, ტ; კუტუბიძე, ვ; ლაზიშვილი, ლ;
245 ## - TITLE STATEMENT
Title ქართული სელექციური ჩაის ახალი ჯიშებისა და კლონების კვლევის შედეგები. მონოგრაფია.
245 ## - TITLE STATEMENT
Remainder of title ჩაის, სუბტროპიკული კულტურებისა და ჩჰაის ინ-ტი.
260 ## - PUBLICATION, DISTRIBUTION, ETC.
Place of publication, distribution, etc. ბათუმი
260 ## - PUBLICATION, DISTRIBUTION, ETC.
Name of publisher, distributor, etc. ჩაქვი
260 ## - PUBLICATION, DISTRIBUTION, ETC.
Date of publication, distribution, etc. 2009
300 ## - PHYSICAL DESCRIPTION
Extent 107 გვ. 20 სმ.
653 ## - INDEX TERM--UNCONTROLLED
Uncontrolled term კლონების კვლევის შედეგები.
653 ## - INDEX TERM--UNCONTROLLED
Uncontrolled term სელექციური ჩაი ახალი ჯიშები.
942 ## - ADDED ENTRY ELEMENTS (KOHA)
Koha item type წიგნი
ეგზემპლარები
Withdrawn status Lost status Damaged status Not for loan Date acquired Barcode Date last seen Price effective from Koha item type
        2018-12-17 2768 2018-12-17 2018-12-17 წიგნი